ARRUPE JESUIT UNIVERSITY

CORONAVIRUS -STOP THE SPREAD - CLEAN,DISINFECT,COVER

Benjamin Franklin Writings (Record no. 121203)

MARC details
000 -LEADER
fixed length control field 00602nam a22001577a 4500
008 - FIXED-LENGTH DATA ELEMENTS--GENERAL INFORMATION
fixed length control field 141107b xxu||||| |||| 00| 0 eng d
050 ## - LIBRARY OF CONGRESS CALL NUMBER
Classification number E302.F82 1987
100 ## - MAIN ENTRY--PERSONAL NAME
Personal name Franklin, Benjamin
9 (RLIN) 12500
245 ## - TITLE STATEMENT
Title Benjamin Franklin Writings
Statement of responsibility, etc Benjamin Franklin
260 ## - PUBLICATION, DISTRIBUTION, ETC. (IMPRINT)
Place of publication, distribution, etc Boston
Name of publisher, distributor, etc The Library of America
Date of publication, distribution, etc 1987
300 ## - PHYSICAL DESCRIPTION
Extent 1605p. ;
Dimensions 21cm.
600 ## - SUBJECT ADDED ENTRY--PERSONAL NAME
Personal name Lemay, J.A. Leo (Joseph A. Leo)
Chronological subdivision 1935-
9 (RLIN) 12501
650 ## - SUBJECT ADDED ENTRY--TOPICAL TERM
Topical term or geographic name as entry element Political and government
General subdivision colonial period
Chronological subdivision ca. 1600-1775
Geographic subdivision United States
9 (RLIN) 12502
650 ## - SUBJECT ADDED ENTRY--TOPICAL TERM
Topical term or geographic name as entry element Politics and government
General subdivision Revolution
Chronological subdivision 1775-1783
Geographic subdivision United States
9 (RLIN) 12503
942 ## - ADDED ENTRY ELEMENTS (KOHA)
Source of classification or shelving scheme Library of Congress Classification
Item type Monograph ( Printed materials)
Holdings
Withdrawn status Lost status Source of classification or shelving scheme Damaged status Not for loan Collection code Home library Current library Shelving location Date acquired Total Checkouts Full call number Barcode Date last seen Price effective from Koha item type
    Library of Congress Classification     Main Collection ARRUPE LIBRARY ARRUPE LIBRARY Main Collection 07/11/2014   E302.F82 1987 46500003771 13/12/2017 07/11/2014 Monograph ( Printed materials)

 

Arrupe Library. PO Box MP320 Mt Pleasant, Harare, Zimbabwe
263 242 745411|librarian@aju.ac.zw